000 00282nam a2200121Ia 4500
008 241002s9999 xx 000 0 und d
082 _a332.46 EIN
100 _aEinzig, Paul
245 0 _aHow money is managed
260 _aLondon:
_c1954
600 _aSocial Sciences
942 _cUC
999 _c18766
_d18766